[Event "Saint Denis op"]
[Site "Saint Denis"]
[Date "2022.10.13"]
[Round "1"]
[White "Lutard, Florian"]
[Black "Hoarau, Antoine"]
[Result "1-0"]
[WhiteElo "2045"]
[BlackElo "1246"]
[PlyCount "109"]
[EventDate "2022.10.13"]
[EventType "swiss"]
[EventRounds "9"]
[EventCountry "RUF"]
[SourceTitle "EXT 2024"]
[Source "ChessBase"]
[SourceDate "2023.10.10"]
[SourceVersion "1"]
[SourceVersionDate "2023.10.10"]
[SourceQuality "1"]

1. c4 Nf6 2. Nc3 g6 3. e4 d6 4. d4 Bg7 5. Nf3 0-0 6. Be2 e5 7. 0-0 Nbd7 8. Qc2 a5 9. Rd1 Qe7 10. Rb1 exd4 11. Nxd4 Nc5 12. f3 Bd7 13. Ndb5 Rfc8 14. Be3 b6 15. Kh1 Ra6 16. b3 Raa8 17. a3 Nb7 18. Qd2 Kh8 19. Bf1 Kg8 20. Bg5 Qf8 21. e5 Nh5 22. Nd5 f6 23. exf6 Bxf6 24. Nxf6+ Nxf6 25. Bxf6 Qxf6 26. Qd5+ Be6 27. Qxb7 Rab8 28. Qc6 Bf5 29. Bd3 Bxd3 30. Rxd3 Qf5 31. Qd5+ Qxd5 32. cxd5 Rb7 33. Rc1 Rbb8 34. Kg1 Kg7 35. Rdc3 Kf6 36. f4 Ke7 37. Rxc7+ Kd8 38. Rxc8+ Rxc8 39. Rxc8+ Kxc8 40. Nxd6+ Kd7 41. Ne4 Ke7 42. d6+ Kd7 43. g4 Ke6 44. f5+ gxf5 45. gxf5+ Kf7 46. f6 Ke8 47. Kf2 b5 48. Ke3 h6 49. Kd4 h5 50. Kd5 h4 51. Ke6 a4 52. f7+ Kf8 53. Kf6 axb3 54. Ng5 b2 55. Ne6# 1-0